50 cyfr liczby pi - whammies - Statystyki

Ogólne statystyki
  • Ten quiz został rozwiązany 6 razy
  • Średni wynik to 29 z 50
Statystyki odpowiedzi
# Cyfra % Poprawnych
2 1
100%
4 1
100%
1 3,
100%
3 4
100%
5 5
80%
6 9
80%
33 0
60%
7 2
60%
17 2
60%
22 2
60%
29 2
60%
34 2
60%
10 3
60%
16 3
60%
18 3
60%
25 3
60%
26 3
60%
28 3
60%
20 4
60%
24 4
60%
9 5
60%
11 5
60%
32 5
60%
8 6
60%
21 6
60%
23 6
60%
14 7
60%
30 7
60%
12 8
60%
19 8
60%
27 8
60%
13 9
60%
15 9
60%
31 9
60%
38 1
40%
41 1
40%
50 1
40%
44 3
40%
47 3
40%
37 4
40%
49 5
40%
42 6
40%
40 7
40%
48 7
40%
35 8
40%
36 8
40%
39 9
40%
43 9
40%
45 9
40%
46 9
40%
Nie znaleziono quizów pasujących do podanych kryteriów
Rozkład punktacji
Procent ludzi z każdym wynikiem
Percentyl według liczby udzielonych odpowiedzi
Twoja historia wyników
Nie rozwiązałeś tego quizu